00805nam a2200229 a 4500001001000000003000900010005001700019008004100036040002500077049000900102082002000111245005100131246005200182260005200234300002700286586002700313650004200340650004400382942001400426952011800440999001700558000019119DO-SdBNP20211008094459.0100526s2005 dr a 000 0 spa d aDO-SdBNPbspacBNPHU aBNPD aRD863.44bD657c00a12vo. Concurso de Cuentos Radio Santa María.00aDoceavo Concurso de Cuentos Radio Santa María aSanto Domingo :bGrupo León Jiménes,c2005. a91 p. :bil. ;c23 cm. aCuentos Premiados 2004 4aCuentos dominicanosxColecciones9503 4aLiteratura dominicanaxColecciones9352 2ddccLBS1 0010718PDaPDbPDcCTd2010-05-26iLF1l0oRD863.44 D657cp19119-10r2020-06-25w2020-06-25yLFPDZNo se presta c18637d18637